000 01069cam a22002775a 4500
001 L159353
002
008 161013S2016 xxk 000 0 eng d
020 _a9781498786119
035 _a(Sirsi) u159353
041 0 _aeng
050 _a692.5 $2 18
245 0 0 _aSpon's architects' and builders' price book 2017
250 _a142nd ed.
260 3 _aAbingdon
_bCRC Press
_bTaylor and Francis
_c2017
520 _aProvides construction price information for the UK. Suits a wide range of project sizes and sets out a detailed cost base for contracts exceeding £3,500,00 in value. Updated two or three times a year. Includes two new cost models for a stand-alone private patient ward within a larger hospital complex, and an extra care home
520 _aSupersedes 141th edition (ISBN 0891498734967)
521 _aAdvanced
590 _aKA
651 4 _aUnited Kingdom
_y
690 _aBuilding materials and defects
690 _aCost management
_96233
690 _aConstruction management
_96230
710 _aAECOM
_eEditor
942 _n0
999 _c115829
_d115829